Raptado (Record no. 146850)

MARC details
000 -LÍDER
campo de controle de tamanho fixo 00315 a2200121 4500
001 - NÚMERO DE CONTROLE
campo de controle 146850
040 ## - FONTE DA CATALOGAÇÃO
Instituição que transcreveu o registro Escola São Tomás de Aquino
100 ## - ENTRADA PRINCIPAL--NOME PESSOAL
Nome pessoal STEVENSON, Robert Louis
240 10 - TÍTULO UNIFORME
Título uniforme Raptado
Idioma da obra por
245 10 - TÍTULO
Título Raptado
697 ## - ENTRADA DE ASSUNTO LOCAL--ENTIDADE COLETIVA (RLIN)
Nome corporativo ou nome da jurisdição Caricaturas, desenho animado, cômico, fotonovelas / Quadrinhos
942 ## - ELEMENTOS DE ENTRADA ADICIONADOS (KOHA)
Tipo de material Koha Livros
Holdings
Situação do descarte Situação das perdas Situação física Não pode ser emprestado Biblioteca de origem Biblioteca atual Data de aquisição Total de empréstimos Número de chamada completo Código de barras Data de último acesso Data do preço efetivo Tipo de material Koha Fonte da classificação ou esquema de arquivamento na estante Nota pública
        ESTA - SÃO BENTO ESTA - SÃO BENTO 30/04/2024   741.5 MAC RAP EST00000728 30/04/2024 30/04/2024 Livros    
        Novo Tempo - Aureliano São José Novo Tempo - Aureliano São José 03/05/2024     nt235 03/05/2024 03/05/2024 Livros Classificação Decimal de Dewey Estante Azul